Accounting and Financial Management for BCA & MCA. (Record no. 1548)

MARC details
005 - DATE AND TIME OF LATEST TRANSACTION
control field 20250417111044.0
020 ## - INTERNATIONAL STANDARD BOOK NUMBER
International Standard Book Number 81-224-1889-7
082 ## - DEWEY DECIMAL CLASSIFICATION NUMBER
Classification number 657.48 THU
100 ## - MAIN ENTRY--PERSONAL NAME
Author name RAO, M. E. T.
245 ## - TITLE STATEMENT
Title Accounting and Financial Management for BCA & MCA.
260 ## - PUBLICATION, DISTRIBUTION, ETC.
Place of publication, distribution, etc. New Delhi,
Name of publisher, distributor, etc. New Age International (P) Ltd,
Date of publication, distribution, etc. 2006.
300 ## - PHYSICAL DESCRIPTION
Extent V, 616p.: ill.; Figure
Dimensions 24cm.
856 ## - ELECTRONIC LOCATION AND ACCESS
Link text Access Online Book,
Electronic name Accounting,
Path Www.newagepublishers.com
942 ## - ADDED ENTRY ELEMENTS (KOHA)
Source of classification or shelving scheme Dewey Decimal Classification
Koha item type Books
Holdings
Date last seen Total checkouts Full call number Barcode Cost, replacement price Price effective from Koha item type Lost status Source of classification or shelving scheme Damaged status Not for loan Withdrawn status Home library Current library Shelving location Date acquired Cost, normal purchase price
04/17/2025   657.48 RAO 0000006008 38052.00 04/17/2025 Books   Dewey Decimal Classification       College of Business Education Main Library College of Business Education Main Library General Collection 04/17/2025 12684.00
04/17/2025   657.48 RAO 0000006009 38052.00 04/17/2025 Books   Dewey Decimal Classification       College of Business Education Main Library College of Business Education Main Library General Collection 04/17/2025 12684.00
04/17/2025   657.48 RAO 0000006010 38052.00 04/17/2025 Books   Dewey Decimal Classification       College of Business Education Main Library College of Business Education Main Library General Collection 04/17/2025 12684.00